[Event "Saarland-ch C 85th"]
[Site "Homburg"]
[Date "2010.03.28"]
[Round "3"]
[White "Lang, Wolfgang"]
[Black "Lauer, Karl Heinz"]
[Result "1/2-1/2"]
[WhiteElo "1404"]
[BlackElo "1183"]
[PlyCount "109"]
[EventDate "2010.03.28"]
[EventType "swiss"]
[EventRounds "9"]
[EventCountry "GER"]
[SourceTitle "EXT 2011"]
[Source "ChessBase"]
[SourceDate "2010.11.26"]
[SourceVersion "1"]
[SourceVersionDate "2010.11.26"]
[SourceQuality "1"]

1. g3 Nf6 2. Bg2 d5 3. Nf3 e6 4. 0-0 Bd6 5. c4 c6 6. cxd5 cxd5 7. d3 0-0 8. Bg5 Nbd7 9. Nfd2 h6 10. Bxf6 Nxf6 11. e4 Be5 12. Nc3 d4 13. Ne2 Bc7 14. Rc1 e5 15. h3 Be6 16. b3 Rc8 17. f4 Nd7 18. f5 Ba5 19. Rxc8 Qxc8 20. fxe6 fxe6 21. Nc4 Bc7 22. Rxf8+ Qxf8 23. Qf1 Nc5 24. Qxf8+ Kxf8 25. Nc1 b5 26. Na3 a6 27. Bf1 Bd6 28. Nc2 a5 29. Kf2 Na6 30. h4 Kf7 31. Ne2 Be7 32. Kf3 Nc5 33. Nexd4 exd4 34. Nxd4 a4 35. b4 Na6 36. a3 Nc7 37. Nc6 Bf8 38. d4 g5 39. hxg5 hxg5 40. Bh3 Bg7 41. Ke3 Bh6 42. Kd3 g4 43. Bxg4 Bc1 44. Kc2 Bxa3 45. Bh5+ Kf6 46. Be2 Kg5 47. Bf3 Na6 48. d5 exd5 49. exd5 Nxb4+ 50. Kb1 Nxc6 51. dxc6 Bd6 52. g4 b4 53. Bd1 b3 54. Bxb3 axb3 55. Kb2 1/2-1/2